| 000 | | | 04614nac2a22003133x 450 |
| 001 | | | d53f69bf-38d3-4b78-b6ae-bcf8724499bb |
| 005 | | | 20260122210433.0 |
| 100 | ## | $a | 20251128l1918 k y0rusy50 ca |
| 101 | 0# | $a | rus |
| 102 | ## | $a | RU |
| 105 | ## | $a | y z ||||| |
| 122 | 0# | $a | d19181118 |
| 200 | 1# | $a | Заявление членов Всероссийской директории о государственном перевороте в Омске в ночь на 18 ноября 1918 г. |
| | $j | 18.11.1918 |
| 215 | ## | $a | 4 листа |
| | $d | 37,8 х 24,3 |
| 251 | ## | $c | Дело |
| 300 | ## | $a | На папке дела: б/д |
| 300 | ## | $a | Лист: 1 - затухаюший текст |
| 300 | ## | $a | Машинописный текст |
| 461 | #0 | $1 | 001ba5ce6de-57f1-4037-a7cb-ad30cd8d470c |
| | $1 | 2001 |
| | $a | Коллекция материалов штаба А. В. Колчака. (Составлена в Праге) |
| | $1 | 251 |
| | $c | Фонд |
| | $1 | 852 |
| | $g | Р |
| | $j | 6219 |
| 462 | #0 | $1 | 001ad5c8731-49e5-403a-a59d-5424dfecea32 |
| | $1 | 2001 |
| | $a | Дела постоянного хранения. 1918-1919 г. |
| | $v | Д. 31 |
| | $1 | 251 |
| | $c | Опись |
| | $1 | 852 |
| | $j | 1 |
| 605 | ## | $3 | DITM\AF\0000004166 |
| | $a | Россия в лицах |
| | $l | коллекция |
| | $2 | acquisition_prlib |
| 605 | ## | $3 | DITM\AF\0000002775 |
| | $a | Власть |
| | $l | коллекция |
| | $2 | acquisition_prlib |
| 607 | ## | $a | Омск |
| 610 | 1# | $a | Заявление |
| | $a | Всероссийская директория |
| | $a | Государственный переворот |
| | $a | 18 ноября 1918 г. |
| 686 | ## | $a | 63.3(2)612-414.81ю11 |
| | $c | История |
| | $2 | rubbk |
| 686 | ## | $a | 63.3(2)61-8ю11 |
| | $c | История |
| | $2 | rubbk |
| 801 | #0 | $a | RU |
| | $b | GA_RF |
| 801 | #1 | $a | RU |
| | $b | ГлавНИВЦ |
| | $c | 20251128 |
| | $2 | rusmarc |
| 801 | #2 | $a | RU |
| | $b | ПБ им. Б.Н. Ельцина |
| | $c | 20260122 |
| | $g | RCR |
| | $2 | rusmarc |
| 852 | ## | $a | ГА РФ |
| | $j | 31 |
| 937 | ## | $d | 200124070 |
| | $h | ГАРФ |
| 035 | ## | $a | RuPRLIB51081015 |
| 856 | ## | $u | http://readingroom.main.prlib.ru/item.aspx?id_node=n200124070&mode=full |